[Event "It (open) (active)"]
[Site "masterchessopen.com - masterchessopen.com - Uebach (Germany)"]
[Round "2"]
[White "Stephan Matthias (GER)"]
[Black "Lazarev Vladimir (FRA)"]
[Result "0-1"]
[WhiteElo "2214"]
[BlackElo "2455"]

1.d4 Nf6 2.c4 c5 3.d5 b5 4.cxb5 a6 5.Nc3 axb5 6.e4 b4 7.Nb5 d6 8.Bf4 g6 9.e5
Nh5 10.exd6 exd6 11.Qe2+ Kd7 12.g3 Nxf4 13.Qg4+ f5 14.Qxf4 Qf6 15.Bc4 Bg7
16.Nf3 Re8+ 17.Kf1 Re4 18.Qc1 Qxb2 19.Qxb2 Bxb2 20.Rb1 Rxc4 21.Rxb2 Ba6 {#R}
0-1

[Event "It (open)"]
[Site "masterchessopen.com - masterchessopen.com - Bad Zwesten (Germany)"]
[Round "1"]
[White "Movsziszian Karen (ARM)"]
[Black "Dorst Johannes (GER)"]
[Result "1-0"]
[WhiteElo "2485"]
[BlackElo "2192"]

1.d4 Nf6 2.c4 c5 3.d5 b5 4.cxb5 a6 5.e3 e6 6.Nc3 d6 7.Nf3 Bb7 8.dxe6 fxe6
9.bxa6 Nxa6 10.Qb3 Qe7 11.Bb5+ Nd7 12.e4 d5 13.Bg5 Qd6 14.exd5 Bxd5 15.Nxd5
exd5 16.O-O h6 17.Rae1+ Kf7 18.Bxd7 hxg5 19.Nxg5+ Kg6 20.Re6+ {#r} 1-0

[Event "Ch Germany (juniors) (under 15) (team)"]
[Site "masterchessopen.com - masterchessopen.com - Baunatal (Germany)"]
[Round "5"]
[White "Klawonn Malin (GER)"]
[Black "Thiele Matthias (GER)"]
[Result "1-0"]
[WhiteElo "2078"]
[BlackElo "2220"]

1.d4 Nf6 2.c4 c5 3.d5 b5 4.cxb5 a6 5.Nc3 axb5 6.e4 b4 7.Nb5 d6 8.Bf4 Nbd7
9.Nf3 g6 10.e5 Nh5 11.exd6 exd6 12.Nxd6+ Bxd6 13.Bxd6 Qf6 14.Qe2+ Kd8 15.Ne5
Bb7 16.Qb5 Nxe5 17.Qxb7 Rc8 18.Qb6+ Kd7 19.Bb5+ {#r} 1-0

[Event "Memorial Pelikan (corr.)"]
[Site "masterchessopen.com - masterchessopen.com - corr."]
[Round "0"]
[White "Salgado Allaria Carlos (ESP)"]
[Black "Aberbach Angel (ARG)"]
[Result "1-0"]
[WhiteElo "2330"]
[BlackElo "2030"]

1.d4 Nf6 2.c4 c5 3.d5 b5 4.cxb5 a6 5.Nc3 axb5 6.e4 b4 7.Nb5 d6 8.Bf4 Nxe4
9.Nf3 Bb7 10.Bc4 Nf6 11.O-O Ra6 12.Re1 Qd7 13.Bxd6 {#r} 1-0

[Event "Ch Denmark (juniors)"]
[Site "masterchessopen.com - masterchessopen.com - Denmark"]
[Round "3"]
[White "Gustafsson Jan (GER)"]
[Black "Groetz Harald (AUT)"]
[Result "0-1"]
[WhiteElo "2375"]
[BlackElo "2245"]

1.d4 Nf6 2.c4 c5 3.d5 b5 4.cxb5 a6 5.f3 e6 6.e4 Bb7 7.Nc3 exd5 8.e5 Nh5 9.Nh3
d4 10.Ne4 axb5 11.g4 Bxe4 12.fxe4 Nc6 13.gxh5 Qh4+ 14.Nf2 Nxe5 15.Bxb5 c4
16.Bxc4 Nxc4 17.Qxd4 Rd8 18.b3 Bc5 {#R} 0-1

[Event "It (open)"]
[Site "masterchessopen.com - masterchessopen.com - Geneva (Switzerland)"]
[Round "8"]
[White "Liardet Fabrice (SUI)"]
[Black "Wang Zili (CHN)"]
[Result "0-1"]
[WhiteElo "2380"]
[BlackElo "2520"]

1.d4 Nf6 2.c4 c5 3.d5 b5 4.cxb5 a6 5.Nc3 Qa5 6.Bd2 axb5 7.e4 b4 8.e5 bxc3
9.Bxc3 Qa4 10.Qxa4 Rxa4 11.exf6 gxf6 12.Nf3 Bb7 13.O-O-O Rxa2 14.Kb1 Ra8
15.Bb5 Rg8 16.Nh4 Rg5 17.d6 c4 18.Bxc4 Rg4 19.dxe7 Bxe7 20.Rd4 Rxd4 {#R} 0-1

[Event "Bayern Landesliga South"]
[Site "masterchessopen.com - masterchessopen.com - Germany"]
[Round "3"]
[White "Albeker Mark (GER)"]
[Black "Amelang Thomas (GER)"]
[Result "1-0"]
[WhiteElo "2137"]
[BlackElo "2140"]

1.d4 c5 2.d5 Nf6 3.c4 b5 4.cxb5 a6 5.Nc3 axb5 6.e4 b4 7.Nb5 d6 8.Bf4 g6 9.Nf3
Bb7 10.Bc4 Nh5 11.Bg5 h6 12.Be3 Nd7 13.e5 Nb6 14.b3 Nxc4 15.bxc4 dxe5 16.Bxc5
Qc8 17.Bb6 Qxc4 18.Nc7+ Kd7 19.Nxe5+ {#r} 1-0

[Event "Match (team)"]
[Site "masterchessopen.com - masterchessopen.com - Helsinki (Finland)"]
[Round "2"]
[White "Norri Joose (FIN)"]
[Black "Bator Robert (SWE)"]
[Result "0-1"]
[WhiteElo "2430"]
[BlackElo "2430"]

1.d4 Nf6 2.c4 c5 3.d5 b5 4.cxb5 a6 5.f3 e6 6.e4 c4 7.d6 axb5 8.e5 Nd5 9.f4 g6
10.Nc3 Bb7 11.Nf3 Bh6 12.Nxd5 Bxd5 13.Be2 Qb6 14.f5 Bxc1 15.Qxc1 exf5 16.Qg5
Nc6 17.Rd1 Bxf3 18.Bxf3 O-O {#R} 0-1

[Event "It"]
[Site "masterchessopen.com - masterchessopen.com - Loures (Portugal)"]
[Round "4"]
[White "Campos Moreno Javier B (CHI)"]
[Black "Dias Paulo (POR)"]
[Result "1-0"]
[WhiteElo "2440"]
[BlackElo "2250"]

1.d4 Nf6 2.c4 c5 3.d5 b5 4.cxb5 a6 5.e3 axb5 6.Bxb5 Qa5+ 7.Nc3 Bb7 8.Bd2 Qb6
9.Nf3 Nxd5 10.Nxd5 Bxd5 11.a4 Na6 12.Bc3 Nc7 13.Ne5 Rd8 14.O-O Qe6 15.f4 Nxb5
16.axb5 Bb3 17.Qf3 d5 18.Ra6 Qf5 19.Ba5 Rb8 20.e4 Qc8 21.Qxb3 {#r} 1-0

[Event "VL1 1997/98"]
[Site "masterchessopen.com - masterchessopen.com - NRW (Germany)"]
[Round "1"]
[White "Pauling Markus (GER)"]
[Black "Hoogendoorn Joost (NED)"]
[Result "1-0"]
[WhiteElo "2237"]
[BlackElo "2320"]

1.d4 Nf6 2.c4 c5 3.d5 b5 4.cxb5 a6 5.Nc3 axb5 6.e4 b4 7.Nb5 d6 8.Bf4 g5 9.Be3
Nxe4 10.Bd3 Qa5 11.Qe2 Ba6 12.f3 Nf6 13.Nxd6+ exd6 14.Bxg5+ Be7 15.Bxf6 O-O
16.Bxh7+ Kxh7 17.Qe4+ {#r} 1-0

[Event "It (open)"]
[Site "masterchessopen.com - masterchessopen.com - Polanica Zdroj (Poland)"]
[Round "1"]
[White "Iljin Stanislav (UKR)"]
[Black "Szirmai Eduard (HUN)"]
[Result "1-0"]
[WhiteElo "2325"]
[BlackElo "2170"]

1.d4 Nf6 2.c4 c5 3.d5 b5 4.cxb5 a6 5.f3 axb5 6.e4 Qa5+ 7.b4 Qxb4+ 8.Bd2 Qa4
9.Qc1 Nxe4 10.fxe4 Qxe4+ 11.Be2 Qxd5 12.Nc3 Qc6 13.Bf3 Qe6+ 14.Nge2 Ra6
15.Nxb5 Rc6 16.Bxc6 Qxc6 17.O-O Bb7 18.Rf2 Qxb5 19.Rb1 Qc6 20.Qb2 {#r} 1-0

[Event "Ch Europe (juniors) (under 14)"]
[Site "masterchessopen.com - masterchessopen.com - Tallinn (Estonia)"]
[Round "7"]
[White "Voracek Miroslav (CZE)"]
[Black "Osttveit Martin (NOR)"]
[Result "0-1"]
[WhiteElo "2210"]
[BlackElo "2071"]

1.d4 Nf6 2.c4 c5 3.d5 b5 4.cxb5 a6 5.Nc3 axb5 6.e4 b4 7.Nb5 d6 8.Bf4 Nbd7
9.Nf3 Ba6 10.Nd2 g6 11.a4 Bg7 12.Qc2 O-O 13.Be2 Ne8 14.O-O Bxb5 15.Bxb5 Nc7
16.Bxd7 Qxd7 17.Ra2 f5 {#R} 0-1

[Event "Ch Europe (juniors) (under 14)"]
[Site "masterchessopen.com - masterchessopen.com - Tallinn (Estonia)"]
[Round "8"]
[White "Zivanic Marko (SRB)"]
[Black "Miton Kamil (POL)"]
[Result "0-1"]
[WhiteElo "2250"]
[BlackElo "2350"]

1.d4 Nf6 2.c4 c5 3.d5 b5 4.cxb5 a6 5.e3 axb5 6.Bxb5 Qa5+ 7.Nc3 Bb7 8.Bd2 Qb6
9.Qb3 e6 10.e4 Nxe4 11.Nxe4 Bxd5 12.Qd3 f5 13.Ng3 Bxg2 14.Bc3 Bxh1 15.Nxh1 Be7
16.Ng3 Bf6 17.Bxf6 gxf6 {#R} 0-1

[Event "It (open)"]
[Site "masterchessopen.com - masterchessopen.com - Tampere (Finland)"]
[Round "4"]
[White "Pessi Juha (FIN)"]
[Black "Tuominen Risto (FIN)"]
[Result "0-1"]
[WhiteElo "2135"]
[BlackElo "2283"]

1.d4 Nf6 2.c4 c5 3.d5 b5 4.cxb5 a6 5.b6 e6 6.Nc3 Nxd5 7.Nxd5 exd5 8.Qxd5 Nc6
9.e4 Be7 10.Bc4 O-O 11.Nf3 Bb7 12.O-O Na5 13.Qd3 Nxc4 14.Qxc4 Qxb6 15.Bf4 Qe6
16.Nd2 d5 17.exd5 Bxd5 18.Qc2 Qf6 19.Rfe1 Qxf4 20.Rxe7 Qg5 {#R} 0-1

[Event "It (open)"]
[Site "masterchessopen.com - masterchessopen.com - Zagreb (Croatia)"]
[Round "8"]
[White "Plesnik Hrvoje (CRO)"]
[Black "Devcic Darko (CRO)"]
[Result "0-1"]
[WhiteElo "1980"]
[BlackElo "2344"]

1.d4 Nf6 2.c4 c5 3.d5 b5 4.cxb5 a6 5.f3 g6 6.e4 d6 7.a4 Bg7 8.Na3 O-O 9.Ne2 e6
10.Nc3 exd5 11.Nxd5 Nxe4 12.g3 Nf6 13.Nxf6+ Bxf6 14.Kf2 Bd4+ 15.Kg2 Bb7
16.bxa6 Nxa6 17.Nb5 Be5 18.Kf2 Qf6 19.Rb1 Nb4 20.b3 Be4 {#R} 0-1

[Event "It (open) \"]
[Site "masterchessopen.com - masterchessopen.com - Zaragoza (Spain)"]
[Round "2"]
[White "Gallego Jimenez Victoriano (ESP)"]
[Black "Estopanan Olivan Angel (ESP)"]
[Result "1-0"]
[WhiteElo "2385"]
[BlackElo "2112"]

1.d4 Nf6 2.c4 c5 3.d5 b5 4.cxb5 a6 5.f3 axb5 6.e4 Qa5+ 7.b4 Qxb4+ 8.Bd2 Qa4
9.Qc1 Nxe4 10.fxe4 Qxe4+ 11.Be3 Qh4+ 12.Bf2 Qb4+ 13.Nc3 Ra3 14.Ne2 Qa5 15.Bxc5
b4 16.Bxb4 Qxb4 17.Rb1 {#r} 1-0

[Event "It (open)"]
[Site "masterchessopen.com - masterchessopen.com - Barbera (Spain)"]
[Round "2"]
[White "Colom Andres Xavier (ESP)"]
[Black "Van Riemsdijk Herman C (BRA)"]
[Result "0-1"]
[WhiteElo "1892"]
[BlackElo "2405"]

1.d4 Nf6 2.c4 c5 3.d5 b5 4.cxb5 a6 5.f3 g6 6.e4 d6 7.Nc3 Bg7 8.Be3 O-O 9.Bd3
Nbd7 10.Nge2 Ne5 11.O-O Nxd3 12.Qxd3 Nd7 13.Qc2 Qa5 14.a4 Nb6 15.Ng3 Bd7
16.Nge2 axb5 17.Bg5 b4 18.Nb5 Nxa4 19.Nc7 Qxc7 {#R} 0-1

[Event "It \"]
[Site "masterchessopen.com - masterchessopen.com - Belgrade (Yugoslavia)"]
[Round "7"]
[White "Zontakh Andrey (UKR)"]
[Black "Milanovic Danilo (SRB)"]
[Result "1-0"]
[WhiteElo "2540"]
[BlackElo "2420"]

1.d4 Nf6 2.c4 c5 3.d5 b5 4.cxb5 a6 5.Nc3 axb5 6.e4 b4 7.Nb5 Nxe4 8.Qe2 f5 9.f3
Ra5 10.fxe4 Ba6 11.exf5 Bxb5 12.Qh5+ g6 13.fxg6 Bg7 14.gxh7+ Kf8 15.Qf5+ Ke8
16.Qg6+ Kf8 17.Bh6 {#r} 1-0

[Event "It (open) \"]
[Site "masterchessopen.com - masterchessopen.com - Berlin (Germany)"]
[Round "3"]
[White "Ackermann D (GER)"]
[Black "Roos Thomas (GER)"]
[Result "0-1"]
[WhiteElo "2099"]
[BlackElo "2270"]

1.d4 Nf6 2.c4 c5 3.d5 b5 4.cxb5 a6 5.b6 Qxb6 6.Nc3 g6 7.e4 d6 8.Nf3 Bg4 9.Qa4+
Bd7 10.Qc2 Bg7 11.Be2 O-O 12.O-O a5 13.Nd2 Na6 14.Nc4 Qb8 15.a3 Nc7 16.Rb1 Nb5
17.Nxb5 Bxb5 18.b4 axb4 19.axb4 Ba4 20.Qd3 cxb4 21.Bd2 Qc7 {#R} 0-1

[Event "It (open) (a)"]
[Site "masterchessopen.com - masterchessopen.com - Eforie Nord (Romania)"]
[Round "0"]
[White "Radomsky Viacheslav G (RUS)"]
[Black "Dobrov Vladimir (RUS)"]
[Result "0-1"]
[WhiteElo "2153"]
[BlackElo "2215"]

1.d4 Nf6 2.c4 c5 3.d5 b5 4.cxb5 a6 5.b6 e6 6.Nc3 Nxd5 7.Nxd5 exd5 8.Qxd5 Nc6
9.Nf3 Rb8 10.e3 Be7 11.Bc4 O-O 12.O-O Rxb6 13.Rd1 Nb4 {#R} 0-1

[Event "Oberliga SW 1998/99"]
[Site "masterchessopen.com - masterchessopen.com - Germany"]
[Round "2"]
[White "Leyrer Achim (GER)"]
[Black "Dausch Rene (GER)"]
[Result "1-0"]
[WhiteElo "2254"]
[BlackElo "2295"]

1.d4 Nf6 2.c4 c5 3.d5 b5 4.cxb5 a6 5.b6 a5 6.Nc3 Ba6 7.f4 d6 8.Nf3 Nbd7 9.b7
Ra7 10.e4 Bxf1 11.Rxf1 Nb6 12.e5 Nfd7 13.e6 fxe6 14.dxe6 Nb8 15.Qb3 Qc7 16.Nb5
Qxb7 17.Nxa7 Qxa7 18.Qb5+ Kd8 19.Bd2 {#r} 1-0

[Event "It (open)"]
[Site "masterchessopen.com - masterchessopen.com - Greifswald (Germany)"]
[Round "1"]
[White "Levin Felix (GER)"]
[Black "Hornych Christoph (GER)"]
[Result "1-0"]
[WhiteElo "2480"]
[BlackElo "2168"]

1.d4 Nf6 2.c4 c5 3.d5 b5 4.cxb5 a6 5.b6 Qxb6 6.Nc3 g6 7.Nf3 Bg7 8.e4 d6 9.Nd2
O-O 10.Be2 a5 11.O-O Ba6 12.a4 Bxe2 13.Qxe2 Na6 14.Nc4 Qd8 15.Bg5 h6 16.Bh4
Nb4 {#r} 1-0

[Event "Tournament (young masters)"]
[Site "masterchessopen.com - masterchessopen.com - Honra (Portugal)"]
[Round "6"]
[White "Pinho Paulo (POR)"]
[Black "Durao Pedro (POR)"]
[Result "1-0"]
[WhiteElo "2150"]
[BlackElo "2138"]

1.d4 Nf6 2.c4 c5 3.d5 b5 4.cxb5 a6 5.f3 e6 6.e4 exd5 7.e5 Qe7 8.Qe2 Ng8 9.Nc3
Bb7 10.Nh3 f6 11.Nf4 Qxe5 12.Nfxd5 Bd6 13.Nb6 Qxe2+ 14.Bxe2 Ra7 15.Be3 Nh6
16.Nba4 O-O 17.Bxc5 Bxc5 18.Nxc5 {#r} 1-0

[Event "Simultan"]
[Site "masterchessopen.com - masterchessopen.com - Koszalin (Poland)"]
[Round "0"]
[White "Karpov Anatoly (RUS)"]
[Black "Zawadzki Stanislaw (POL)"]
[Result "1-0"]
[WhiteElo "2725"]
[BlackElo "2245"]

1.d4 Nf6 2.c4 c5 3.d5 b5 4.cxb5 a6 5.b6 d6 6.Nc3 Nbd7 7.e4 Nxb6 8.a4 a5 9.f4
g6 10.Nf3 Bg7 11.Bb5+ Bd7 12.e5 dxe5 13.fxe5 Ng4 14.Bf4 Bxb5 15.axb5 h5 16.O-O
O-O 17.Qd2 Nd7 18.Rae1 Kh7 19.e6 Nb6 20.Ng5+ Kh8 21.Nxf7+ {#r} 1-0

[Event "Ch Spain"]
[Site "masterchessopen.com - masterchessopen.com - Linares (Spain)"]
[Round "5"]
[White "Villavicencio Adalberto (ESP)"]
[Black "Saez Gabikagogeaskoa Oscar (ESP)"]
[Result "1-0"]
[WhiteElo "2320"]
[BlackElo "1995"]

1.d4 Nf6 2.c4 c5 3.d5 b5 4.cxb5 a6 5.b6 d6 6.Nc3 Nbd7 7.a4 a5 8.e4 Bb7 9.Bg5
g6 10.f4 e6 11.Nf3 exd5 12.e5 d4 13.exf6 dxc3 14.Qe2+ {#r} 1-0

[Event "Ch Germany (juniors) (under 20) (w) (qual)"]
[Site "masterchessopen.com - masterchessopen.com - Oberhof (Germany)"]
[Round "0"]
[White "Klawonn Malin (GER)"]
[Black "Henschel Anke (GER)"]
[Result "1-0"]
[WhiteElo "2078"]
[BlackElo "2002"]

1.d4 Nf6 2.c4 c5 3.d5 b5 4.cxb5 a6 5.Nc3 axb5 6.e4 b4 7.Nb5 d6 8.Bf4 Nbd7
9.Nf3 g6 10.e5 dxe5 11.Nxe5 Qa5 12.Nc6 {#r} 1-0

[Event "It (open)"]
[Site "masterchessopen.com - masterchessopen.com - Pouso Alegre (Brazil)"]
[Round "0"]
[White "Carvalho Carlos Alberto (BRA)"]
[Black "Azevedo Kelsen Rosas (BRA)"]
[Result "0-1"]
[WhiteElo "1977"]
[BlackElo "2084"]

1.d4 Nf6 2.c4 c5 3.d5 b5 4.cxb5 a6 5.Nc3 axb5 6.Nxb5 d6 7.Nf3 g6 8.Bg5 Bg7
9.Bxf6 Bxf6 10.Qc2 Qa5+ 11.Nc3 Bf5 12.Qb3 Nd7 13.e3 Rb8 14.Qa3 Qxa3 {#R} 0-1

[Event "It (open)"]
[Site "masterchessopen.com - masterchessopen.com - Queen City (USA)"]
[Round "0"]
[White "Winer Steven (USA)"]
[Black "Friedel Joshua E (USA)"]
[Result "1-0"]
[WhiteElo "2345"]
[BlackElo "2518"]

1.d4 Nf6 2.c4 c5 3.d5 b5 4.cxb5 a6 5.f3 g6 6.e4 d6 7.Na3 Bg7 8.Ne2 Nbd7 9.Nc3
O-O 10.Be2 Nb6 11.O-O e6 12.dxe6 fxe6 13.Bg5 a5 14.Qd2 Qd7 15.Nc4 Nxc4 16.Bxc4
Bb7 17.Na4 Rad8 18.e5 {#r} 1-0

[Event "Ch Romania (team)"]
[Site "masterchessopen.com - masterchessopen.com - Romania"]
[Round "4"]
[White "Ghitescu Theodor (ROM)"]
[Black "Vasiesiu Dan (ROM)"]
[Result "0-1"]
[WhiteElo "2360"]
[BlackElo "2390"]

1.d4 Nf6 2.c4 c5 3.d5 b5 4.cxb5 a6 5.e3 g6 6.Nc3 Bg7 7.Nf3 O-O 8.a4 Bb7 9.e4
e6 10.Bg5 h6 11.Bxf6 Qxf6 12.Be2 axb5 13.axb5 Qxc3+ {#R} 0-1

[Event "Tournament (team)"]
[Site "masterchessopen.com - masterchessopen.com - Romania"]
[Round "2"]
[White "Muresan Mihai-Vlad (ROM)"]
[Black "Serdean Pavel Dorin (ROM)"]
[Result "1-0"]
[WhiteElo "2090"]
[BlackElo "2215"]

1.d4 Nf6 2.c4 c5 3.d5 b5 4.cxb5 a6 5.b6 d6 6.Nc3 g6 7.e4 Bg7 8.a4 Qxb6 9.a5
Qc7 10.f4 O-O 11.Nf3 e6 12.Be2 exd5 13.exd5 Re8 14.O-O Nbd7 {#r} 1-0

[Event "Ch Pan-American"]
[Site "masterchessopen.com - masterchessopen.com - San Felipe (Venezuela)"]
[Round "2"]
[White "Pacheco Hilzandryly (PUR)"]
[Black "Sanchez Castillo Sarai (VEN)"]
[Result "0-1"]
[WhiteElo "1938"]
[BlackElo "2075"]

1.d4 Nf6 2.c4 c5 3.d5 b5 4.cxb5 a6 5.f3 Qa5+ 6.Nc3 axb5 7.e4 b4 8.Nb5 Ba6 9.a4
d6 10.b3 g6 11.Bb2 Bg7 12.g4 O-O 13.h4 h5 14.gxh5 Nxh5 15.Bxg7 Kxg7 16.Nh3 Ng3
17.Rg1 Nxf1 18.Rxf1 Bxb5 19.axb5 Qxa1 {#R} 0-1

[Event "Tournament"]
[Site "masterchessopen.com - masterchessopen.com - Tampere (Finland)"]
[Round "2"]
[White "Mertanen Janne (FIN)"]
[Black "Nyysti Sampsa (FIN)"]
[Result "1-0"]
[WhiteElo "2369"]
[BlackElo "2170"]

1.d4 Nf6 2.c4 c5 3.d5 b5 4.cxb5 a6 5.f3 e6 6.e4 exd5 7.exd5 Bd6 8.Nc3 O-O
9.Bc4 Qc7 10.Nge2 Re8 11.Kf2 Be5 12.g4 axb5 13.Nxb5 Qb6 14.g5 Nh5 15.f4 Bd6
16.a4 Na6 17.Ra3 Bb7 18.a5 {#r} 1-0

[Event "Ch Chile"]
[Site "masterchessopen.com - masterchessopen.com - Vina del Mar (Chile)"]
[Round "8"]
[White "Llanos Guillermo (ARG)"]
[Black "Dumas Aviles Alejandro (CHI)"]
[Result "1-0"]
[WhiteElo "2425"]
[BlackElo "2296"]

1.d4 Nf6 2.c4 c5 3.d5 b5 4.cxb5 a6 5.f3 e6 6.e4 exd5 7.exd5 Qe7+ 8.Qe2 Ng8
9.Nc3 Bb7 10.Nh3 d6 11.Nf4 axb5 12.Nxb5 {#r} 1-0

[Event "It (open) \"]
[Site "masterchessopen.com - masterchessopen.com - Hajduboszormeny (Hungary)"]
[Date "1998.07.22"]
[Round "6"]
[White "Popovics Adam (HUN)"]
[Black "Mate Laszlo (HUN)"]
[Result "1-0"]
[WhiteElo "2399"]
[BlackElo "2340"]

1.d4 Nf6 2.c4 c5 3.d5 b5 4.cxb5 a6 5.f3 axb5 6.e4 Qa5+ 7.Bd2 b4 8.Na3 d6 9.Nc4
Qd8 10.a3 bxa3 11.Rxa3 Rxa3 12.bxa3 g6 13.Qa4+ Bd7 14.Qa7 Nc6 15.dxc6 Bxc6
16.Na5 Bd7 17.Nb7 Qc7 18.Ba5 Qc6 19.Bb5 Qc8 20.Ba6 {#r} 1-0

[Event "Ch Bayern (seniors)"]
[Site "masterchessopen.com - masterchessopen.com - Bayern (Germany)"]
[Round "4"]
[White "Koch Herbert (GER)"]
[Black "Wilke Dieter Dr (GER)"]
[Result "0-1"]
[WhiteElo "1906"]
[BlackElo "2124"]

1.d4 Nf6 2.c4 c5 3.d5 b5 4.cxb5 a6 5.e3 g6 6.Nc3 Bg7 7.Nf3 O-O 8.Bc4 d6 9.O-O
Nbd7 10.bxa6 Bxa6 11.Bxa6 Rxa6 12.Qc2 Qa5 13.Bd2 Rb8 14.b3 Qc7 15.a4 Qb7 16.e4
Qxb3 17.Qxb3 Rxb3 18.Rfb1 Rb4 19.Ra3 Rxb1+ 20.Nxb1 Nxe4 21.Ng5 Rb6 {#R} 0-1

[Event "It (open) \"]
[Site "masterchessopen.com - masterchessopen.com - Budapest (Hungary)"]
[Round "1"]
[White "Babos Laszlo (HUN)"]
[Black "Skytte Rasmus (DEN)"]
[Result "0-1"]
[WhiteElo "1836"]
[BlackElo "2338"]

1.c4 Nf6 2.d4 c5 3.d5 b5 4.cxb5 a6 5.Nc3 axb5 6.Nxb5 Ba6 7.Qa4 Bb7 8.Qc2 Qa5+
9.Nc3 Nxd5 10.Bd2 Nb4 11.Qb3 c4 12.Qd1 Qe5 13.a3 Nd3# 0-1

[Event "Ch Germany (juniors) (team) (under 16)"]
[Site "masterchessopen.com - masterchessopen.com - Doernsfeld (Germany)"]
[Round "0"]
[White "Thalwitzer David (GER)"]
[Black "Seifert Volker (GER)"]
[Result "1-0"]
[WhiteElo "2136"]
[BlackElo "2099"]

1.d4 Nf6 2.c4 c5 3.d5 b5 4.cxb5 a6 5.b6 Qxb6 6.Nc3 g6 7.e4 d6 8.Nf3 Bg7 9.Be2
O-O 10.Nd2 Bd7 11.Nc4 Qc7 12.a4 Rd8 13.Bf4 Ne8 14.O-O e5 15.Be3 a5 16.f4 exf4
17.Bxf4 f5 18.exf5 Bxf5 {#r} 1-0

[Event "Ch France (team) (2) 1998/99"]
[Site "masterchessopen.com - masterchessopen.com - France"]
[Round "6"]
[White "De Marchi Olivier (FRA)"]
[Black "Peltrault Frederic (FRA)"]
[Result "1-0"]
[WhiteElo "2145"]
[BlackElo "2196"]

1.d4 Nf6 2.c4 c5 3.d5 b5 4.cxb5 a6 5.Nc3 axb5 6.e4 b4 7.Nb5 d6 8.e5 dxe5 9.Bc4
Ba6 10.Nf3 g6 11.d6 exd6 12.Bg5 Bxb5 13.Bxb5+ Nbd7 14.Nxe5 Be7 15.Bxf6 Bxf6
16.Nxd7 Qe7+ 17.Kf1 O-O-O 18.Qa4 Rxd7 19.Qa8+ Kc7 20.Qa7+ Kc8 21.Ba6+ {#r} 1-0

[Event "VK1 Ruhrgebiet 1998/99"]
[Site "masterchessopen.com - masterchessopen.com - Germany"]
[Round "0"]
[White "Soehnchen Andreas (GER)"]
[Black "Smolka Alexander (GER)"]
[Result "1-0"]
[WhiteElo "2134"]
[BlackElo "2103"]

1.d4 Nf6 2.c4 c5 3.d5 b5 4.cxb5 a6 5.Nc3 axb5 6.e4 b4 7.Nb5 d6 8.Bc4 Nbd7
9.Nf3 Nb6 10.Bd3 Ba6 11.Qe2 Bxb5 12.Bxb5+ Nfd7 13.e5 dxe5 14.Nxe5 g6 15.O-O f6
16.Nc6 Qc7 17.Rd1 Kf7 18.Qe6+ Kg7 19.Nxe7 {#r} 1-0

[Event "It (open)"]
[Site "masterchessopen.com - masterchessopen.com - Goerlitz (Germany)"]
[Round "7"]
[White "Ulms Sandra (GER)"]
[Black "Schunk Thomas Dr (GER)"]
[Result "0-1"]
[WhiteElo "2127"]
[BlackElo "2205"]

1.d4 Nf6 2.c4 c5 3.d5 b5 4.cxb5 a6 5.e3 g6 6.Nc3 Bg7 7.a4 O-O 8.Nf3 d6 9.bxa6
Bxa6 10.Bxa6 Nxa6 11.O-O Qb6 12.a5 Qc7 13.e4 Rfb8 14.Nd2 Rb4 15.f3 Nd7 16.Kh1
c4 17.Ra4 Ne5 18.f4 Nd3 19.Rf3 Qc5 20.Qf1 Bxc3 {#R} 0-1

[Event "It (open)"]
[Site "masterchessopen.com - masterchessopen.com - Guingamp (France)"]
[Round "2"]
[White "Nadir Samir (SUD)"]
[Black "Sulypa Alexandre (UKR)"]
[Result "0-1"]
[WhiteElo "2190"]
[BlackElo "2434"]

1.d4 Nf6 2.c4 c5 3.d5 b5 4.cxb5 a6 5.Nc3 axb5 6.e4 b4 7.Nb5 d6 8.f3 g6 9.a4
Bg7 10.Bc4 Nbd7 11.Qe2 Nb6 12.Bb3 O-O 13.Be3 Ra5 14.Nh3 Bxh3 15.gxh3 Qd7 16.h4
Qh3 17.Qf2 Rfa8 18.Ra2 Nxa4 19.Qc2 Qxf3 {#R} 0-1

[Event "It (open)"]
[Site "masterchessopen.com - masterchessopen.com - Hoogeveen (Netherlands)"]
[Round "8"]
[White "Blees Albert (NED)"]
[Black "Markus John Raymond (NED)"]
[Result "1-0"]
[WhiteElo "2410"]
[BlackElo "2156"]

1.d4 Nf6 2.c4 c5 3.d5 b5 4.cxb5 a6 5.b6 a5 6.Nc3 Ba6 7.f4 d6 8.Nf3 Nbd7 9.e4
Bxf1 10.b7 Rb8 11.Rxf1 Qc7 12.e5 dxe5 13.fxe5 Nxe5 14.Bf4 Nd3+ 15.Qxd3 Qxf4
16.Qb5+ Kd8 17.Rf2 Qc7 18.Ng5 Rxb7 19.Nxf7+ Kc8 20.Qc6 Rg8 21.Rxf6 {#r} 1-0